| Tag |
First Indicator |
Second Indicator |
Subfields |
| LEADER |
00000cam a22000004a 4500 |
| 001 |
in00002423398 |
| 005 |
20151110070842.0 |
| 008 |
081117s2009 flua b 001 0 eng |
| 010 |
|
|
|a 2008049374
|
| 015 |
|
|
|a GBA8B8991
|2 bnb
|
| 016 |
7 |
|
|a 014777575
|2 Uk
|
| 019 |
|
|
|a 226357293
|
| 020 |
|
|
|a 9781420083415 (hardcover : alk. paper)
|
| 020 |
|
|
|a 1420083414 (hardcover : alk. paper)
|
| 035 |
|
|
|a (OCoLC)ocn262719418
|
| 035 |
|
|
|a (OCoLC)262719418
|z (OCoLC)226357293
|
| 040 |
|
|
|a DLC
|c DLC
|d BTCTA
|d BAKER
|d UKM
|d YDXCP
|d C#P
|d BWX
|d CDX
|d UtOrBLW
|
| 049 |
|
|
|a TXAM
|
| 050 |
0 |
0 |
|a QA279.5
|b .B76 2009
|
| 082 |
0 |
0 |
|a 519.5/42
|2 22
|
| 100 |
1 |
|
|a Broemeling, Lyle D.,
|d 1939-
|
| 245 |
1 |
0 |
|a Bayesian methods for measures of agreement /
|c Lyle D. Broemeling.
|
| 264 |
|
1 |
|a Boca Raton :
|b CRC Press,
|c [2009]
|
| 264 |
|
4 |
|c ©2009
|
| 300 |
|
|
|a xv, 332 pages :
|b illustrations ;
|c 25 cm.
|
| 336 |
|
|
|a text
|b txt
|2 rdacontent
|
| 337 |
|
|
|a unmediated
|b n
|2 rdamedia
|
| 338 |
|
|
|a volume
|b nc
|2 rdacarrier
|
| 490 |
1 |
|
|a Chapman & Hall/CRC biostatistics series ;
|v 29
|
| 500 |
|
|
|a "A Chapman & Hall book."
|
| 504 |
|
|
|a Includes bibliographical references and index.
|
| 650 |
|
0 |
|a Bayesian statistical decision theory.
|
| 650 |
|
0 |
|a Clinical medicine
|x Decision making.
|
| 830 |
|
0 |
|a Chapman & Hall/CRC biostatistics series ;
|v 29.
|
| 938 |
|
|
|a Baker and Taylor
|b BTCP
|n BK0007773352
|
| 938 |
|
|
|a Baker & Taylor
|b BKTY
|c 89.95
|d 89.95
|i 1420083414
|n 0007773352
|s active
|
| 938 |
|
|
|a YBP Library Services
|b YANK
|n 2905926
|
| 938 |
|
|
|a Blackwell Book Service
|b BBUS
|n R5761713
|c $89.95
|
| 938 |
|
|
|a Coutts Information Services
|b COUT
|n 7964004
|c 89.95 USD
|
| 945 |
|
|
|a PromptCat
|b 630613
|
| 946 |
|
|
|a stk
|
| 947 |
|
|
|a A14837458401
|
| 994 |
|
|
|a 92
|b TXA
|
| 948 |
|
|
|a cataloged
|b h
|d 2009/2/26
|h c
|e asalazar
|f 10:18:26 am
|
| 999 |
|
|
|a MARS
|
| 999 |
f |
f |
|s b241ad86-c3e8-39c3-bbc4-0fa4a25bc648
|i 704f05a5-55eb-337f-a77c-674756a13cb9
|t 0
|
| 952 |
f |
f |
|p normal
|a Texas A&M University
|b College Station
|c Sterling C. Evans Library
|d Evans: Library Stacks
|t 0
|e QA279.5 .B76 2009
|h Library of Congress classification
|i unmediated -- volume
|m A14837458401
|
| 998 |
f |
f |
|a QA279.5 .B76 2009
|t 0
|l Evans: Library Stacks
|